000 01237nam a2200253Ia 4500
001 8551
003 GE_BSU
008 181216s||||||||xx |||||||||||||| ||und||
040 _cGE_BSU
080 _a821.353.1.09+27(479.22)
100 _aვაჩნაძე,ნათელა
245 _aსერაპიონ ზარზმელის ცხოვრება,როგორც საისტორიო წყარო.
245 _cრედ:ნ.შოშიაშვილი;მხატვ:შ.ნიორაძე.
260 _aთბილისი.
260 _bუნ-ტის გამ-ბა.
260 _c1975.
300 _a251გვ;4ფ.ტაბულა;22სმ.
300 _bრეზ.რუს.ენ.ლექსიკონი:გვ.203-245;
300 _eსაძიებელი:გვ:247-249.
541 _h10ლ.
653 _aსერაპიონ ზარზმელის ცხოვრება,როგორც საისტორიო წყარო.
653 _aქართული აგიოგრაფიული ლიტერატურა; საქართველოს ისტორიის წყაროები.
942 _cBK
999 _c41868
_d41868